000 00472nam a2200193 a 4500
001 BRCA_7270
005 20190320205756.0
008 270112s1921----gw-#######---#000-0#ger-#
041 _ager
044 _agw
050 4 _aPT2639.E44
_bB8 1931
100 1 _aSeidel, Willy
_d1887-
_918003
245 1 0 _aDer Buschhahn
_bEin Roman
_cvon Willy Seidel.
260 _aLeipzig
_bInsel-Verl
_c1921
300 _a347 p.
_c20 cm.
500 _aP23
902 _aGFM
942 _2lcc
_cB
999 _c6950
_d6950